Loading...

Blandings caste and elsewhere /

Bibliographic Details
Main Author: Wodehouse, P. G.
Format: Printed Book
Language:English
Published: 1971.
Subjects:
LEADER 00457nam a2200145Ia 4500
008 150623b xxu||||| |||| 00| 1 eng d
082 |a 823.8W3 
100 |a Wodehouse, P. G. 
245 |a Blandings caste and elsewhere /  |c P. G. Wodehouse 
260 |c 1971. 
300 |a 255 p. 
650 |v Fiction 
942 |c BK 
999 |c 18236  |d 18236 
952 |0 1  |1 0  |4 1  |6 823_000000000000000_8W3_BLA  |7 0  |9 18235  |a UL  |b UL  |c ST1  |d 1998-09-24  |l 0  |o 823.8W3 BLA  |p 27710  |r 2012-10-27  |w 2012-10-27  |y BK